[Event "Catalunya-chT Gp2"]
[Site "Barcelona"]
[Date "2022.02.26"]
[Round "6.10"]
[White "Prohens Lopez, Aitor"]
[Black "Flores Mendoza, Jose Antonio"]
[Result "1-0"]
[WhiteElo "1838"]
[BlackElo "1973"]
[PlyCount "67"]
[EventDate "2022.01.22"]
[EventType "team-tourn"]
[EventRounds "9"]
[EventCountry "ESP"]
[SourceTitle "CBM 208 Extra"]
[Source "ChessBase"]
[SourceDate "2022.07.31"]
[SourceVersion "1"]
[SourceVersionDate "2022.07.31"]
[SourceQuality "1"]
[WhiteTeam "Tres Peons"]
[BlackTeam "Platja D'Aro"]
[WhiteTeamCountry "ESP"]
[BlackTeamCountry "ESP"]

1. e4 e6 2. d4 d5 3. Nc3 Nf6 4. e5 Nfd7 5. f4 c5 6. Nf3 Nc6 7. Be3 Be7 8. Qd2 a6 9. dxc5 Nxc5 10. 0-0-0 b5 11. Nd4 Nxd4 12. Bxd4 Bd7 13. f5 b4 14. Nxd5 exd5 15. f6 gxf6 16. exf6 Qa5 17. fxe7 Ne4 18. Qe3 Qxa2 19. b3 Rc8 20. Bd3 Rg8 21. Bxe4 dxe4 22. Rd2 Be6 23. Bb2 Kxe7 24. Qxe4 Qa5 25. Rhd1 Rg4 26. Qf3 Qg5 27. Bf6+ Qxf6 28. Rd7+ Bxd7 29. Rxd7+ Kxd7 30. Qxf6 Re4 31. Qf5+ Re6 32. Qxf7+ Re7 33. Qf5+ Re6 34. Qxh7+ 1-0

[Event "Ibiza Eivissa op 7th"]
[Site "Eivissa"]
[Date "2018.07.28"]
[Round "6"]
[White "Arata, Roberto Mario"]
[Black "Prohens Lopez, Aitor"]
[Result "1/2-1/2"]
[WhiteElo "2138"]
[BlackElo "1807"]
[PlyCount "45"]
[EventDate "2018.07.08"]
[EventType "swiss"]
[EventRounds "7"]
[EventCountry "ESP"]
[SourceTitle "EXT 2019"]
[Source "ChessBase"]
[SourceDate "2018.10.10"]
[SourceVersion "1"]
[SourceVersionDate "2018.10.10"]
[SourceQuality "1"]

1. d4 Nf6 2. c4 e6 3. a3 d5 4. Nc3 Be7 5. Bf4 0-0 6. e3 c5 7. Nf3 dxc4 8. Bxc4 a6 9. dxc5 Qxd1+ 10. Rxd1 Bxc5 11. 0-0 b5 12. Ba2 Bb7 13. Ne5 Ne4 14. Ne2 g5 15. Bg3 Nxg3 16. hxg3 Ba7 17. Rc1 Bb6 18. Rfd1 Rd8 19. Ng4 Kg7 20. Ne5 Rxd1+ 21. Rxd1 Nc6 22. Nf3 Rd8 23. Rxd8 1/2-1/2

[Event "Ibiza y Formentera-ch 18th"]
[Site "Eivissa"]
[Date "2016.09.05"]
[Round "1.2"]
[White "Calbet Escandell, Maria"]
[Black "Prohens Lopez, Aitor"]
[Result "0-1"]
[WhiteElo "1187"]
[BlackElo "1703"]
[PlyCount "80"]
[EventDate "2016.09.05"]
[EventType "swiss"]
[EventRounds "5"]
[EventCountry "ESP"]
[SourceTitle "EXT 2024"]
[Source "ChessBase"]
[SourceDate "2023.10.10"]
[SourceVersion "1"]
[SourceVersionDate "2023.10.10"]
[SourceQuality "1"]

1. e4 c5 2. Nf3 Nc6 3. Nc3 g6 4. d4 cxd4 5. Nxd4 Bg7 6. Nxc6 bxc6 7. Bc4 Qc7 8. 0-0 Nf6 9. Re1 e5 10. Bg5 0-0 11. Qf3 Qd8 12. Qg3 Re8 13. Qf3 h6 14. Bd2 Qe7 15. Rad1 d5 16. exd5 Bg4 17. Qe3 Bxd1 18. Rxd1 cxd5 19. Nxd5 Nxd5 20. Bxd5 Rac8 21. c3 Red8 22. Be4 f5 23. Bc2 Rd7 24. Qe2 Rcd8 25. Kf1 e4 26. Ke1 Qe5 27. g3 Kh7 28. f4 Qc5 29. Be3 Rxd1+ 30. Bxd1 Qa5 31. Bb3 Rd3 32. Bf2 Bf6 33. Bc2 Rd7 34. g4 Qxa2 35. Bd1 Qb1 36. gxf5 gxf5 37. Bc5 Bh4+ 38. Bf2 Bxf2+ 39. Kxf2 Rxd1 40. Qxd1 Qxd1 0-1

[Event "Ibiza-ch"]
[Site "Eivissa"]
[Date "2015.11.28"]
[Round "6"]
[White "Angola Canchimbo, Elmer"]
[Black "Prohens Lopez, Aitor"]
[Result "0-1"]
[WhiteElo "1654"]
[BlackElo "1673"]
[PlyCount "120"]
[EventDate "2015.11.07"]
[EventType "swiss"]
[EventRounds "7"]
[EventCountry "ESP"]
[SourceTitle "EXT 2019"]
[Source "ChessBase"]
[SourceDate "2018.10.10"]
[SourceVersion "1"]
[SourceVersionDate "2018.10.10"]
[SourceQuality "1"]

1. e4 c5 2. Bc4 Nc6 3. Ne2 g6 4. Nbc3 Bg7 5. a3 e6 6. 0-0 Nge7 7. Ng3 0-0 8. Nce2 d5 9. Ba2 b6 10. c3 Bb7 11. Re1 dxe4 12. Nxe4 Qd7 13. N2g3 h6 14. d3 Kh7 15. Be3 Rad8 16. Bb1 Ba6 17. Qf3 Nf5 18. Bc2 Ne5 19. Qe2 Bxd3 20. Bxd3 Qxd3 21. Bf4 Qxe2 22. Rxe2 Nd3 23. Be3 Nxe3 24. fxe3 Ne5 25. h3 Rd3 26. Nf2 Rd7 27. Rd1 Rxd1+ 28. Nxd1 Rd8 29. Nf2 Nc4 30. Kf1 Be5 31. Ngh1 Rd2 32. Rxd2 Nxd2+ 33. Ke2 Nc4 34. Nd3 Kg7 35. b3 Nxe3 36. Kxe3 Bxc3 37. Ke4 f5+ 38. Kf3 e5 39. Ke2 Kf6 40. Kd1 g5 41. Ng3 e4 42. Kc2 Bd4 43. Nc1 Ke5 44. Nce2 f4 45. Nf1 h5 46. Kd2 g4 47. hxg4 hxg4 48. Nh2 Kf5 49. b4 Bf2 50. Nc3 f3 51. gxf3 exf3 52. Nd1 Bg1 53. Nf1 cxb4 54. axb4 Kf4 55. Ke1 g3 56. Nxg3 Kxg3 57. Kf1 Bd4 58. b5 f2 59. Ke2 Kg2 60. Nxf2 Bxf2 0-1

[Event "Ibiza-ch"]
[Site "Eivissa"]
[Date "2015.11.08"]
[Round "2"]
[White "Ruiz Ruiz, Luis"]
[Black "Prohens Lopez, Aitor"]
[Result "1-0"]
[WhiteElo "2069"]
[BlackElo "1673"]
[PlyCount "125"]
[EventDate "2015.11.07"]
[EventType "swiss"]
[EventRounds "7"]
[EventCountry "ESP"]
[SourceTitle "EXT 2017"]
[Source "ChessBase"]
[SourceDate "2016.10.25"]
[SourceVersion "1"]
[SourceVersionDate "2016.10.25"]
[SourceQuality "1"]

1. b3 e5 2. Bb2 Nc6 3. e3 Nf6 4. c4 d5 5. cxd5 Nxd5 6. a3 Bd6 7. Nc3 Nxc3 8. Bxc3 Qe7 9. b4 0-0 10. Bc4 Be6 11. d3 Rad8 12. Bxe6 Qxe6 13. Nf3 Rfe8 14. Qc2 f6 15. 0-0 Qf7 16. Rfd1 Ne7 17. Rac1 Nd5 18. Bb2 c6 19. Qb3 Nc7 20. Nd2 Qxb3 21. Nxb3 Ne6 22. Na5 Rd7 23. Kf1 Red8 24. Ke2 Kf7 25. g3 Bb8 26. Rd2 Ke7 27. Rcd1 Kd6 28. f4 exf4 29. gxf4 Kc7 30. f5 Nf8 31. Rg1 Kc8 32. h3 Re7 33. e4 Bf4 34. Rc2 Nd7 35. Kf3 Bh6 36. d4 Kb8 37. Re1 Rde8 38. Rce2 Kc7 39. e5 Bg5 40. Re4 Nb6 41. h4 Bh6 42. R1e2 Nd5 43. Nc4 fxe5 44. dxe5 Rf8 45. Kg4 Nb6 46. Nxb6 axb6 47. e6 b5 48. Be5+ Kb6 49. Bd6 Rfe8 50. Rd4 Bc1 51. Rc2 Be3 52. Rd3 Bh6 53. Bxe7 Rxe7 54. Rd8 Kc7 55. Rf8 g6 56. Rf7 gxf5+ 57. Kxf5 Kd8 58. Rxe7 Kxe7 59. Rc3 Bf8 60. Rd3 b6 61. Rd7+ Ke8 62. Rb7 c5 63. Kf6 1-0

[Event "San Sebastian Gros op 25th"]
[Site "San Sebastian"]
[Date "2015.06.26"]
[Round "1"]
[White "Prohens Lopez, Aitor"]
[Black "Campos Moreno, Javier B"]
[Result "0-1"]
[WhiteElo "1698"]
[BlackElo "2429"]
[PlyCount "96"]
[EventDate "2015.06.26"]
[EventType "swiss"]
[EventRounds "9"]
[EventCountry "ESP"]
[SourceTitle "CBM 167 Extra"]
[Source "ChessBase"]
[SourceDate "2015.09.14"]
[SourceVersion "1"]
[SourceVersionDate "2015.09.14"]
[SourceQuality "1"]

1. d4 Nf6 2. Nf3 c5 3. d5 g6 4. c4 Bg7 5. Nc3 0-0 6. e4 d6 7. h3 Na6 8. Be3 Nc7 9. Bd3 a6 10. a4 Rb8 11. 0-0 e5 12. Qd2 Bd7 13. a5 b5 14. axb6 Rxb6 15. Rfb1 Nh5 16. g4 Nf4 17. Bxf4 exf4 18. Ne2 g5 19. Nh2 Qe7 20. f3 Rfb8 21. Ra2 Ne8 22. Nc1 Bc8 23. Kf1 Nf6 24. b3 Nd7 25. Bc2 Ne5 26. Qe2 Qb7 27. Kf2 Bd7 28. Nf1 Nxc4 29. Bd3 Bd4+ 30. Kg2 Ne5 31. Bxa6 Qc7 32. Bd3 Bb5 33. Bxb5 Rxb5 34. Ra8 Rxa8 35. Qxb5 Qa7 36. Qe2 Rb8 37. Nd2 Be3 38. Nc4 Nxc4 39. Qxc4 Rb4 40. Qc2 Bxc1 41. Rxc1 Qb7 42. Qc3 Rd4 43. Qa5 h6 44. Qa2 Rd3 45. Rb1 Qb4 46. Rb2 Qd4 47. Re2 Rd1 48. Rf2 Qc3 0-1

[Event "Ibiza Summer op 3rd"]
[Site "Ibiza"]
[Date "2014.07.01"]
[Round "6"]
[White "Prohens Lopez, Aitor"]
[Black "Bordes Guasch, Juan Roman"]
[Result "0-1"]
[WhiteElo "1510"]
[BlackElo "1827"]
[PlyCount "46"]
[EventDate "2014.06.27"]
[EventType "swiss"]
[EventRounds "7"]
[EventCountry "ESP"]
[SourceTitle "CBM 161 Extra"]
[Source "ChessBase"]
[SourceDate "2014.08.29"]
[SourceVersion "1"]
[SourceVersionDate "2014.08.29"]
[SourceQuality "1"]

1. d4 e6 2. c4 Nf6 3. g3 d5 4. Nf3 c5 5. Bg2 Nc6 6. cxd5 exd5 7. 0-0 c4 8. Nc3 Be7 9. Ne5 Be6 10. Nxc6 bxc6 11. Qc2 Qd7 12. Rd1 0-0 13. e4 Ne8 14. Be3 Nc7 15. a4 Na6 16. exd5 cxd5 17. Nb5 Nb4 18. Qc3 Nd3 19. Na3 Rab8 20. Bf1 Rb3 21. Qxb3 cxb3 22. Bxd3 Bg4 23. Bb5 Qf5 0-1

[Event "Ibiza Summer op 3rd"]
[Site "Ibiza"]
[Date "2014.06.27"]
[Round "1"]
[White "Sos Andreu, Eric"]
[Black "Prohens Lopez, Aitor"]
[Result "1-0"]
[WhiteElo "2345"]
[BlackElo "1510"]
[PlyCount "45"]
[EventDate "2014.06.27"]
[EventType "swiss"]
[EventRounds "7"]
[EventCountry "ESP"]
[SourceTitle "CBM 161 Extra"]
[Source "ChessBase"]
[SourceDate "2014.08.29"]
[SourceVersion "1"]
[SourceVersionDate "2014.08.29"]
[SourceQuality "1"]

1. d4 Nf6 2. c4 e6 3. g3 d5 4. Nf3 Be7 5. Bg2 0-0 6. 0-0 dxc4 7. Qc2 a6 8. a4 Nbd7 9. Qxc4 c5 10. Rd1 Nb6 11. Qc2 cxd4 12. Nxd4 Bd6 13. Nc3 Qe7 14. Bg5 Rd8 15. a5 Nbd7 16. Ne4 Be5 17. Nf3 Bb8 18. Rac1 Ba7 19. Qc7 Rf8 20. Bxf6 gxf6 21. Nd6 Qd8 22. Qxd8 Rxd8 23. Nxc8 1-0